Biblioteca y Centro de Documentación

Las repercusiones sobre la negociación colectiva de la reforma laboral (Registro nro. 26855)

Detalles MARC
000 -CABECERA
Longitud fija campo de control 01245naa a2200337 c 4500
001 - NÚMERO DE CONTROL
Número de control 26855
003 - IDENTIFICADOR DE NÚMERO DE CONTROL
Identificador del número de control ES-MaCES
005 - FECHA Y HORA DE LA ÚLTIMA TRANSACCIÓN
Fecha y hora de la última transacción 19981124122700.0
008 - CAMPO FIJO DE DESCRIPCIÓN FIJA--INFORMACIÓN GENERAL
Códigos de información de longitud fija   940905n1994 sp ||| | spa d
035 ## - NÚMERO DE CONTROL DEL SISTEMA
Número de control del sistema CES19980007906v
040 ## - FUENTE DE CATALOGACIÓN
Centro catalogador de origen ES-MaCES
Lengua de catalogación spa
Centro transcriptor ES-MaCES
100 1# - ENCABEZAMIENTO PRINCIPAL--NOMBRE PERSONAL
Nombre de persona Martín, Fernando Ángel
9 (RLIN) 17663
245 14 - MENCIÓN DE TÍTULO
Título Las repercusiones sobre la negociación colectiva de la reforma laboral
Resto del título : materias y derechos de los trabajadores que quedan sin protección legal
Mención de responsabilidad, etc. ... Angel Martín
650 #4 - ASIENTO SECUNDARIO DE MATERIA--TÉRMINO DE MATERIA
Término de materia o nombre geográfico como elemento inicial España
9 (RLIN) 26964
650 #4 - ASIENTO SECUNDARIO DE MATERIA--TÉRMINO DE MATERIA
Término de materia o nombre geográfico como elemento inicial reforma legislativa
9 (RLIN) 29892
650 #4 - ASIENTO SECUNDARIO DE MATERIA--TÉRMINO DE MATERIA
Término de materia o nombre geográfico como elemento inicial flexibilidad del trabajo
9 (RLIN) 30174
650 #4 - ASIENTO SECUNDARIO DE MATERIA--TÉRMINO DE MATERIA
Término de materia o nombre geográfico como elemento inicial condiciones de empleo
9 (RLIN) 30040
650 #4 - ASIENTO SECUNDARIO DE MATERIA--TÉRMINO DE MATERIA
Término de materia o nombre geográfico como elemento inicial despido
9 (RLIN) 28352
650 #4 - ASIENTO SECUNDARIO DE MATERIA--TÉRMINO DE MATERIA
Término de materia o nombre geográfico como elemento inicial movilidad de la mano de obra
9 (RLIN) 28354
650 #4 - ASIENTO SECUNDARIO DE MATERIA--TÉRMINO DE MATERIA
Término de materia o nombre geográfico como elemento inicial estructura de los salarios
9 (RLIN) 28393
650 #4 - ASIENTO SECUNDARIO DE MATERIA--TÉRMINO DE MATERIA
Término de materia o nombre geográfico como elemento inicial período de prueba
9 (RLIN) 28322
650 #4 - ASIENTO SECUNDARIO DE MATERIA--TÉRMINO DE MATERIA
Término de materia o nombre geográfico como elemento inicial contratación
9 (RLIN) 28323
650 #4 - ASIENTO SECUNDARIO DE MATERIA--TÉRMINO DE MATERIA
Término de materia o nombre geográfico como elemento inicial protección social
9 (RLIN) 29076
650 #4 - ASIENTO SECUNDARIO DE MATERIA--TÉRMINO DE MATERIA
Término de materia o nombre geográfico como elemento inicial convenio colectivo
9 (RLIN) 28361
650 #4 - ASIENTO SECUNDARIO DE MATERIA--TÉRMINO DE MATERIA
Término de materia o nombre geográfico como elemento inicial negociación colectiva
9 (RLIN) 28362
653 10 - TÉRMINO DE INDEXACIÓN--NO CONTROLADO
Término no controlado Relaciones laborales-Empleo
773 0# - ENTRADA DE DOCUMENTO FUENTE
Título Gaceta sindical
Parte(s) relacionada(s) Madrid. - N. 124 (marzo 1994) ; p. 16-21
Número de control del registro relacionado (ES-MaCES)25174
902 ## - CES. TIPO DE DOCUMENTO
Tipodoc (006$c Sirtex) ART Artículo de revista
942 ## - ELEMENTOS KOHA
Fuente de clasificaión o esquema Clasificación propia del CES
Koha [por defecto] tipo de item Artículos (1982-2017)
Parte de clasificación 2.0.

No hay ítems disponibles.

© CES, Consejo Económico y Social de España 2021